Statistics for Top 25 Trading Partners - Sweden

Click here to take the quiz!

General Stats

  • This quiz has been taken 47 times
  • The average score is 45 of 50

Answer Stats

HintAnswer% Correct
1st Place: 17,640Germany
100%
1st Place: 30,456Germany
100%
24th Place: 1,228Canada
97%
7th Place: 7,836China
97%
8th Place: 7,681China
97%
4th Place: 11,444Denmark
97%
4th Place: 12,004Denmark
97%
6th Place: 8,074Finland
97%
3rd Place: 11,537Finland
97%
19th Place: 1,733Japan
97%
14th Place: 2,490Japan
97%
2nd Place: 17,246Norway
97%
3rd Place: 14,662Norway
97%
7th Place: 9,186United Kingdom
97%
5th Place: 8,517United Kingdom
97%
13th Place: 4,563United States of America
97%
5th Place: 10,681United States of America
97%
12th Place: 4,544Italy
95%
11th Place: 5,626Italy
95%
15th Place: 2,192Russia
95%
12th Place: 5,388Russia
95%
15th Place: 2,419Spain
95%
13th Place: 3,396Spain
95%
10th Place: 6,307France
92%
9th Place: 6,983France
92%
2nd Place: 15,955Netherlands
92%
6th Place: 9,655Netherlands
92%
9th Place: 6,825Poland
92%
11th Place: 5,472Poland
92%
16th Place: 1,865Australia
90%
22nd Place: 1,567Ireland
90%
24th Place: 1,240South Korea
90%
18th Place: 1,621South Korea
90%
23rd Place: 1,278Turkey
90%
19th Place: 1,590Turkey
90%
20th Place: 1,513Austria
87%
17th Place: 2,017Austria
87%
8th Place: 7,216Belgium
87%
10th Place: 6,544Belgium
87%
20th Place: 1,707Estonia
87%
21st Place: 1,387Estonia
87%
23rd Place: 1,336India
87%
21st Place: 1,610Lithuania
82%
25th Place: 1,120Lithuania
82%
14th Place: 2,661Czech Republic
79%
22nd Place: 1,383Czech Republic
79%
17th Place: 1,713Switzerland
79%
25th Place: 1,174Switzerland
79%
18th Place: 1,768Hungary
77%
16th Place: 2,113Nigeria
31%

Score Distribution

Percentile by Number Answered

Percent of People with Each Score

Your Score History

You have not taken this quiz